000 00565nam a2200193 i 4500
001 96740
003 ES-MaACL
005 20250727062603.0
007 t|
008 050630s1933 fr ||||1| fre d
100 1 _aMan, Henri de.
_975905
245 1 3 _aLe socialisme constructif /
_cHenri de Man; traduit de l'allemand par L.C. Herbert.
260 _aParis :
_bPresses Universitaires,
_c1933.
300 _a249 p. ;
_c19 cm.
650 0 7 _aSocialismo
_2embne
_917147
700 1 _aHerbert, L. C.
_962659
852 _aES-MaACL
_jB-12854
999 _c96740
_d96740